000 00584nam a2200205Ia 4500
005 20250923144845.0
008 008 250917s9999 xx 000 0 eng d
037 _aTextual
040 _aDSWL
_beng
_cDSWL
041 _aeng
_2eng
084 _aYX,A-3P3;1x, K3
_qDSWL
100 _aDilliquadri, Fred
_9829130
245 0 _aHelping the family in urban society
_cby Fred Dilliquadri
260 _aNew York
_bYorkCUP
_c1963
300 _a184p.
365 _aUSD
_b0.4
925 _g0.4
942 _cTEXL
_hYX,A-3P3;1x, K3
999 _c1444226
_d1444226